Lord of The Mysteries 7 orthodox churches - Statistics

General Stats
  • This quiz has been taken 145 times
  • The average score is 5 of 7
Answer Stats
Answer % Correct
Evernight Goddess
93%
Eternal Blazing Sun
84%
Lord of Storms
80%
God of Steam and Machinery
67%
God of Combat
54%
Earth Mother
46%
God of Knowledge and Wisdom
41%
No matching quizzes found
Score Distribution
Percent of People with Each Score
Percentile by Number Answered
Your Score History
You have not taken this quiz